000 01836cam a2200361 a 4500
999 _c3307
_d3307
001 14270242
005 20170529122640.0
008 060217s2006 enkabf b 001 0beng
010 _a 2006005505
020 _a0192805681 (alk. paper)
020 _a9780192805683 (alk. paper)
020 _a9780192805683
035 _a(OCoLC)ocm64230212
035 _a(OCoLC)64230212
040 _aDLC
_cDLC
_dBAKER
_dBWKUK
_dVP@
_dYDXCP
_dOCLCQ
_dIXA
_dOCLCQ
_dDLC
043 _af-sa---
050 0 0 _aDT1974
_b.L63 2006
082 0 0 _a968.06/5092
_aB
_222
100 1 _aLodge, Tom,
_d1951-
_931482
245 1 0 _aMandela :
_ba critical life /
_cTom Lodge.
260 _aOxford ;
_aNew York :
_bOxford University Press,
_c2006.
300 _axix, 274 p., [8] p. of plates :
_bill., maps ;
_c21 cm.
504 _aIncludes bibliographical references and index.
505 0 _aChildhood and upbringing -- Becoming a notable -- Volunteer-in-chief -- Making a messiah -- Trials -- Prisoner 466/64 -- Leading from prison -- Messianic politics and the transition to democracy -- Embodying the nation.
600 1 0 _aMandela, Nelson,
_d1918-2013.
_913583
650 0 _aPresidents
_zSouth Africa
_vBiography.
_931458
651 0 _aSouth Africa
_xPolitics and government
_y1994-
_931483
856 4 1 _3Table of contents
_uhttp://www.loc.gov/catdir/toc/ecip068/2006005505.html
856 4 2 _3Publisher description
_uhttp://www.loc.gov/catdir/enhancements/fy0636/2006005505-d.html
856 4 2 _3Contributor biographical information
_uhttp://www.loc.gov/catdir/enhancements/fy0723/2006005505-b.html
906 _a7
_bcbc
_corignew
_d1
_eecip
_f20
_gy-gencatlg
942 _2lcc
_cMONOGRAPH